| 000 | 02922nam a22003617a 4500 | ||
|---|---|---|---|
| 005 | 20100503141123.0 | ||
| 008 | 100503t xxu||||| |||| 00| 0 eng d | ||
| 010 | _aB-422229-239 | ||
| 020 |
_a9780143067559 _c450.00 |
||
| 035 | _aB-422229-239 | ||
| 037 | _bUBH/Ven | ||
| 040 | _aDPL | ||
| 082 | _a954.04 | ||
| 245 |
_aForeign correspondent fifty years of reporting South Asia / _cedited by John Elliott, Bernard Imhasly and Simon Denyer |
||
| 260 |
_aNew Delhi _bPenguin Books _c2008 |
||
| 300 |
_axvi, 432p.: _c23 cm. (Pbk) _eillu. |
||
| 700 |
_aElliott, John _926502 |
||
| 700 |
_aImhasly, Bernard _926503 |
||
| 700 |
_aDenyer, Simon _926504 |
||
| 942 |
_2ddc _cEN _mFOR _h954.04 |
||
| 999 |
_c35616 _d35616 |
||